Регионална библиотека "Любен Каравелов" - Русе

IV Conference internationale des travailleurs des industries du batiment, du bois et des materiaux de construction, Budapest, 24-28 sept. 1963 (Запис номер 457776)

MARC детайли
000 -Лидер
Контролно поле с фиксирана дължина nam a22 a 4500
003 - Код на организацията, давaща контролен номер
Контролно поле BLK
005 - Дата и час на последна редакция
Контролно поле 20220526081234.0
008 - Елементи от данни с фиксирана дължина
fixed length control field 220526b bu |||||r|||| 00| | bu d
040 ## - Източник на каталожния запис
Идентификатор на билиотеката - собственик на записа BLK
041 ## - Код за език
Код за езика на текст/звукозапис или на отделно заглавие Френски
Код за езика КДБФ Френски
080 ## - УДК
Текстов определител УДК Профсъюзно движение. Професионални съюзи
УДК код - определител по УДК 331.105.5
УДК определител (061.3)
УДК - код + определител 331.105.5(061.3)
139 ## - Редно поле
Редна дума IV Conference internationale des travailleurs des industries du batiment, du bois et des materiaux de construction, Budapest, 24-28 sept. 1963
245 ## - Сведения за заглавието
Заглавие IV Conference internationale des travailleurs des industries du batiment, du bois et des materiaux de construction, Budapest, 24-28 sept. 1963
Редно поле (дума) Trad. [от рус.] Tzvetan P. Tzvetanov
260 ## - Област на издателските данни
9 (RLIN) 441842
Място на издаване, разпространение и проч. Sofia
Име на издателя, разпространителя и проч. б. и.
Година на издаване [1965]
300 ## - Физическа характеристика
Страници 260 с.
Илюстрации и др. с портр.
Размери/Мащаб 25 см
380 ## - Жанр
Жанр Обществени науки
500 ## - Общи забележки
Забележка 1 550 тир
650 #0 - Допълнително описание по предмет – тема
9 (RLIN) 299595
Основно описание – тема или топоним Профсъюзи, международни
653 #7 - Ключова дума – ненормативна
9 (RLIN) 194823
Ключова дума профсъюзи
700 ## - Други автори (авторска отговорност)
9 (RLIN) 284
Лично име Cvetanov, Cvetan P.
Автороска отговорност (Описва отношението между автора и произведението) trad.
852 ## - Местоположение
Форматна сигнатура Цб 35985
Фондова буква Хранилище
999 ## - СИСТЕМНИ КОНТРОЛНИ НОМЕРА
Koha biblionumber 457776
Koha biblioitemnumber 457776
942 ## - АРТИКУЛИ
Вид на библиотечния материал Книги
Скрит в OPAC Не
Периодичен библиозапис Да
944 ## - СЪЗДАВАНЕ И РЕДАКЦИЯ на ЗАПИСА
Създаване/Редакция Създаване
Дата на регистрацията/редакция 2022-05-26
Служител, извършил регистрацията/редакцията Микаела Микова-Илиева
Статус, дата на статуса 2022-05-26
Наличности
Код за отписване Код за изгубен артикул Източник на класификационната схема Код за повреда Коз за рестрикции Код за отдаване Артикулен № Име на библиотеката - собственик Име на библиотеката, в която се намира в момента Статус (Текущо местоположение) Дата на вписване в системата Местоположение - отдел Цена в лева Инвентарен номер Систематично азбучна сигнатура Баркод Цена в евро Служебен тип на артикула
  Не е изгубен Universal Decimal Classification Не е повреден само за читалня ползва се в читалня 887547 Регионална библиотека "Любен Каравелов" Русе Регионална библиотека "Любен Каравелов" Русе Хранилище 2022-06-01 Хранилище 0.40 15283/65 Цб 35985 900000096694 0.20 Книги
Vip Innovations Ltd, Rousse, Bulgaria 2025